| 000 | 02151cam a2200517Ia 4500 | ||
|---|---|---|---|
| 001 | ocm46938883 | ||
| 003 | OCoLC | ||
| 005 | 20120308045418.0 | ||
| 008 | 010514s2000 gr b 000 0 fre d | ||
| 040 |
_aFSW _bfre _cFSW _dLUI _dOCLCQ _dDEBBG _dCHRRO _dBDF |
||
| 016 | 7 |
_aFRBNF39193762000000X _2FrPBN |
|
| 020 | _a960150303X (Ant. N. Sakkoulas) | ||
| 020 | _a9789601503035 (Ant. N. Sakkoulas) | ||
| 020 | _a2802712462 (Bruylant) | ||
| 020 | _a9782802712466 (Bruylant) | ||
| 020 | _a3789059587 (Nomos Verlagsgesellschaft) | ||
| 020 | _a9783789059582 (Nomos Verlagsgesellschaft) | ||
| 029 | 1 |
_aNLGGC _b212934287 |
|
| 029 | 1 |
_aZWZ _b055058906 |
|
| 029 | 1 |
_aHEBIS _b09339313X |
|
| 029 | 1 |
_aDEBBG _bBV013519566 |
|
| 029 | 1 |
_aCHRRO _bR274907560 |
|
| 029 | 1 |
_aBDF _bFRBNF39193762000000X |
|
| 035 | _a(OCoLC)46938883 | ||
| 043 | _ae------ | ||
| 050 | 4 |
_aKJC2838 _b.P76 2000 |
|
| 082 | 0 | 4 |
_a341.242 _bPRO |
| 084 |
_aPS 3852 _2rvk |
||
| 049 | _aTZAA | ||
| 245 | 0 | 3 |
_aLa protection des droits sociaux fondamentaux dans les Etats membres de l'Union européenne : _bétude de droit comparé / _cJulia Iliopoulos-Strangas (éd.). |
| 260 |
_aAthènes : _bAnt. N. Sakkoulas ; _aBruxelles : _bBruylant ; _aBaden-Baden : _bNomos, _c2000. |
||
| 300 |
_axvii, 1033 p. ; _c23 cm. |
||
| 490 | 1 |
_aHuman rights (Athens, Greece) ; _v3 |
|
| 504 | _aContient des réf. bibliogr. | ||
| 650 | 7 |
_aDroit social (droit européen) _2ram |
|
| 650 | 7 |
_aDroits de l'homme (droit européen) _2ram |
|
| 650 | 0 |
_aSocial legislation _zEurope. |
|
| 650 | 7 |
_adroit communautaire _xdroits fondamentaux _v[études diverses] _2rero |
|
| 650 | 7 |
_adroit communautaire _xdroits de l'homme _v[études diverses] _2rero |
|
| 650 | 7 |
_aBegriff _xSoziales Grundrecht _xKategorie. _2cjurivoc |
|
| 650 | 7 |
_aSoziale Sicherheit _xSoziales Grundrecht _xRechtsvergleichung _xMitgliedstaat _xEU _xLandesrecht _xGemeinschaftsrecht. _2cjurivoc |
|
| 700 | 1 | _aIliopoulos-Strangas, Julia. | |
| 830 | 0 |
_aHuman rights (Athens, Greece) ; _v3. |
|
| 856 | 4 | 2 |
_3Notice et cote du catalogue de la Bibliothèque nationale de France _uhttp://catalogue.bnf.fr/ark:/12148/cb39193762v |
| 994 |
_aC0 _bTZACH |
||
| 999 |
_c1610 _d1610 |
||